| 000 | 00669nam a2200253Ia 4500 | ||
|---|---|---|---|
| 001 | 24847 | ||
| 003 | AR-BaAGN | ||
| 005 | 20250109120113.0 | ||
| 007 | ta | ||
| 008 | 211213s1913 sp |||||||||||||| ||spa d | ||
| 040 |
_dAR-BaAGN _aAR-BaAGN _bspa _eaacr |
||
| 110 | _aArchivo del General Mitre | ||
| 245 | 1 | 0 |
_aPresidencia de la República : _b1862-1868 |
| 260 |
_aBarcelona : _bSopena, _c1913. |
||
| 300 | _a177 páginas | ||
| 336 |
_2rdacontent _btxt |
||
| 337 |
_2rdamedia _bn |
||
| 338 |
_2rdacarrier _bnc |
||
| 500 | _aTomo 23. | ||
| 600 | 1 | 4 |
_aMitre, Bartolomé, _d1821-1906 _94481 |
| 650 | 4 |
_aPRESIDENTES ARGENTINOS _9413 |
|
| 942 | _cLIBRO | ||
| 999 |
_c24847 _d24847 |
||